Vista normal
Vista MARC
Entrada Personal Name
Número de registros utilizados en: 1
001 - CONTROL NUMBER
- control field: 5572
003 - CONTROL NUMBER IDENTIFIER
- control field: OSt
005 - DATE AND TIME OF LATEST TRANSACTION
- control field: 20200612203710.0
008 - FIXED-LENGTH DATA ELEMENTS
- fixed length control field: 200612|| aca||aabn | a|a d
040 ## - CATALOGING SOURCE
- Original cataloging agency: OSt
- Transcribing agency: OSt
100 ## - HEADING--PERSONAL NAME
- Personal name: Lopez Garavito, Luis F.,
670 ## - SOURCE DATA FOUND
- Source citation: Work cat.: (OSt)5525: Lopez Garavito, Luis F., autor, Intervencionismo de estado y economía en Colombia /, 1992